Équipes-types de la Ligue des Champions : 2024 - Statistiques

Statistiques générales
  • Ce quiz a été pris 391 fois
  • Le résultat moyen est 8 sur 11
Statistiques - réponses
Poste Joueur Club % Correct
Défenseur Antonio Rudiger Réal Madrid
91%
Attaquant Vinicius Junior Réal Madrid
91%
Milieu Vitinha PSG
90%
Attaquant Harry Kane Bayern Munich
87%
Défenseur Dani Carvajal Réal Madrid
86%
Gardien Gregor Kobel Borussia Dortmund
79%
Milieu Jude Bellingham Réal Madrid
74%
Attaquant Phil Foden Manchester City
74%
Défenseur Mats Hummels Borussia Dortmund
69%
Milieu Marcel Sabitzer Borussia Dortmund
31%
Défenseur Ian Maatsen Borussia Dortmund
25%
Aucun quiz correspondant
Distribution des résultats
% des personnes avec chaque résultat
Percentile par nombre de réponses
Votre historique - résultats
Vous n’avez pas pris ce quiz